| 000 | 00000nam##2200000za#4500 |
| 001 | 9.542883 |
| 003 | CaOODSP |
| 005 | 20210615090253 |
| 007 | ta |
| 008 | 150406|2006||||xxc||||| f|0| 0 fre|d |
| 020 | |a0-662-49150-5 |
| 022 | |a1203-8903 |
| 040 | |aCaOODSP|bfre |
| 041 | |aeng |
| 041 | |afre |
| 043 | |an-cn--- |
| 086 | 1 |aCH3-2/12-2006 |
| 110 | 1 |aCanada.|bPatrimoine canadien. |bProgrammes d'appui aux langues officielles. |
| 245 | 10|aAppui aux langues officielles - approche du Ministère du patrimoine canadien (1970-2003) |
| 260 | |bPatrimoine canadien. |c2006. |
| 300 | |aTexte français, 66, [1]p. : |bgraphiques, carte, tableaux ; |c23 cm. |
| 490 | 1 |aNouvelles perspectives canadiennes |x1203-8903 |
| 504 | |aBibliographie. |
| 520 | 3 |aCette série de recherches pluridisciplinaires offre des informations actuelles et plusieurs sources de références sur tous les aspects des langues officielles du Canada. |
| 563 | |aCouverture souple |
| 590 | |a06-44|b2006-11-03 |
| 691 | 07|aPromotion des langues officielles|2gcpds |
| 776 | 0#|tThe Canadian Heritage approach to official languages support (1970-2003) |w(CaOODSP)9.560471 |
| 776 | 0#|tAppui aux langues officielles : |w(CaOODSP)9.593146 |
| 791 | |tThe Canadian Heritage approach to official languages support (1970-2003) |eeng|w(CaOODSP)9.542882 |
| 830 | #0|aNouvelles perspectives canadiennes,|x1203-8903|w(CaOODSP)9.509087 |